Poison roots / (Record no. 83117)

MARC details
000 -LEADER
fixed length control field 00551nam a22001817a 4500
005 - DATE AND TIME OF LATEST TRANSACTION
control field 20140321113831.0
010 ## - LCCN (DPL NO)
LC control number ENG-109590
020 ## - INTERNATIONAL STANDARD BOOK NUMBER
International Standard Book Number 9789381506448
Terms of availability 295.00
035 ## - SYSTEM CONTROL NUMBER
System control number EN-93123
037 ## - SOURCE OF ACQUISITION
Source of stock number/acquisition DBAD/PUB
100 ## - MAIN ENTRY--PERSONAL NAME
Personal name Parthasarathy, Indira
245 ## - TITLE STATEMENT
Title Poison roots /
Statement of responsibility, etc by Indira Parthasarathy; translated from Tamil by Padma Narayanan
260 ## - PUBLICATION, DISTRIBUTION, ETC. (IMPRINT)
Place of publication, distribution, etc New Delhi
Name of publisher, distributor, etc Amaryllis
Date of publication, distribution, etc 2014
270 ## - ADDRESS
Address 7/32, Ground Floor, Ansari Road, Daryaganj
City New Delhi
Postal code 110002
300 ## - PHYSICAL DESCRIPTION
Extent 238p.
Dimensions 18cm(pbk)
700 ## - ADDED ENTRY--PERSONAL NAME
Personal name Narayanan, Padma
942 ## - ADDED ENTRY ELEMENTS (KOHA)
Source of classification or shelving scheme Dewey Decimal Classification
Item type English Books
Call number suffix PAR
Holdings
Withdrawn status Lost status Not for loan Collection code Home library Current library Date acquired Source of acquisition Cost, normal purchase price Full call number Barcode Copy number Cost, replacement price Koha item type
    Not For Loan Non-fiction D.B.Act.Division D.B.Act.Division 21/03/2014 DBAD/PUB 295.00 PAR EN-93123 1 295.00 English Books

© Delhi Public Library
Hit Counter
free hit counter